00460nam a2200133 a 450000500170000000800410001702000220005805000270008024500200010726000380012730000090016544000270017450001250020120140412111223.0091207s19uu xx 00 eng d a978-81-207-3757-0 aTR(GS 808.85bF51 2009 aI Like to read. aPhilippines :bWS Pacific,c2009. aunp. aFirst story collection aContents: On the farm, In the park, A christmas party, The birthday party, The picnic, At school, Playtime, and Toyshop.